01591nam a22002417a 45000010005000000030006000050050017000110080041000280200018000690400029000870500009001160820011001251000018001362450064001542600037002183000052002555050007003075200903003145210027012175210018012446500043012626500044013057004FISKH20250617103018.0250617b cb ||||| |||| 00| 0 eng d a9780603563805 aFISKHbengcFISKHdFISKH aPZ7  a627.8  aSmith, Jerry  aBenny and the important job, Roley and the woodland walk /  aGreat Britains : bEgmontc2008. a60 pages : bcolor illustrations ; c23 x 26 cm aJ  aBenny & the Important Job : Bob and the crew are working on building a new house for the Bentleys at the base of a hill in Sunflower Valley. Benny, a smaller digger, is eager to help—he really wants to prove himself. Throughout the day, he keeps asking to take on tasks suited for bigger machines. In the end, Benny gets a chance to complete a meaningful part of the project when he’s entrusted with an important job that's perfect for his size and skills—boosting his confidence and teaching him that everyone has a valuable role. Roley’s : Although not always included in every edition, many of these 2-in-1 books feature a Roley tale. In one version, Roley sleep-rolls through town after a long day, almost causing trouble. The team comes together, gently wakes him, and safely brings him back—highlighting teamwork, care for friends, and the importance of looking out for each other 8 a430 bLexile estimate 8 aJ bRaz-Plus  aConstruction vTeamworkxMachines aFriendshipvProblem SolvingxConfidence